Culture générale ! Une image... Un des... (5) - Statistiques

Statistiques générales
  • Ce quiz a été pris 79 fois
  • Le résultat moyen est 10 sur 20
Statistiques - réponses
Par images Hint Réponse % Correct
maires de Paris Anne Hidalgo
91%
premiers humains selon la Bible Adam
89%
Pays frontaliers de la France Italie
87%
plus anciennes universités anglaises Oxford
81%
religions monothéistes Judaïsme
80%
élus de la République Maire
63%
partis américains Démocrate
61%
états baltes Estonie
56%
grands musées parisiens Orsay
56%
Guinée(s) Guinée Bissau
53%
drapeaux avec la croix du sud Papouasie-Nouvelle-Guinée
51%
iles habitée par Napoléon 1er Elbe
50%
astronautes ayant mis le pied sur la lune Buzz Aldrin
49%
films de Charlie Chaplin Les temps modernes
47%
préfectures de Nouvelle-Aquitaine La Rochelle
40%
fées de la Belle au bois dormant Pâquerette
21%
héros grecs qui a voyagé Achille
19%
présidents français assassinés Paul Doumer
10%
communes mortes pour la France Douaumont
1%
maréchaux de France Hubert Lyautey
1%
Aucun quiz correspondant
Distribution des résultats
% des personnes avec chaque résultat
Percentile par nombre de réponses
Votre historique - résultats
Vous n’avez pas pris ce quiz